000 00757cam a2200193 i 4500
005 20251117120835.0
008 250721s2003 jo gr 000 0 ara d
082 1 4 _a210.421334
_bع م ر
100 1 _aعمران، زياد.
_eمؤلف.
245 1 0 _aرسائل من عالم الجان :
_bالأسرار والحقائق التي تكشفت أدق الخفايا حول عالم الجن /
_cتأليف زياد علي عمران.
250 _aالطبعة الاولى.
264 3 1 _aعمان :
_bدار الإسراء للنشر والتوزيع،
_c2003.
300 _a80 صفحة.
650 1 7 _aالإسلام.
650 1 7 _aالسحر.
650 1 7 _aالممارسات الخفية.
942 _2ddc
_cBK
999 _c99257
_d99257